LEADER 01564nas--22004331i-450- 001 990006423730403321 011 $a0029-6295 035 $a000642373 035 $aFED01000642373 035 $a(Aleph)000642373FED01 035 $a000642373 100 $a20001229a1953----km-y0itay50------ba 101 0 $aita 102 $aIT 110 $aaha-------- 200 1 $aNuovi argomenti$erivista bimestrale$fdiretta da Alberto Moravia e Alberto Carocci 207 0$aA.1,n.1(mar.-apr. 1953).n.69/71(lug.-dic.); n.s., n.1(gen.-mar.1966)-1981; ser.3., n.1(gen.-mar.1982)- 210 $aTorino$cEinaudi$d1953 215 $av.$d23 cm 300 $aSospesa la pubblicazione negli anni 1965 e 1981 304 $aSottotitolo varia 305 $aDal 1982 l'editore varia 326 $aBimestrale, poi trimestrale 1966-1971 e dal 1982- 421 1$1001$12001 422 1$1001$12001 430 1$1001$12001 440 1$1001$12001 676 $a808.8 702 1$aCarocci,$bAlberto$f<1904-1972> 702 1$aMoravia,$bAlberto$f<1907-1990> 801 0$aIT$bUNINA$gRICA$2UNIMARC 901 $aSE 912 $a990006423730403321 951 $aITA 110 959 $aPER 959 $aFLFBC 996 $aNuovi argomenti$988186 997 $aUNINA 998 $a1972; 1977-1980; 1983(fasc.n.5,7,8); 1984(fasc.n.11,12); 1985-1987; 1988(fasc.n.25,26,27); 1989-1990; 1991(fasc.n.39); 1992(fasc.n.41,42,43); 1993(fasc.n.45,46,47); 1994(fasc.n.49,50,1); 1995(fasc.n.3,4,5); 1996; 1997(fasc.n.10,11,12); 1998(fasc.n.1/2, 3); 1999(fasc.n.5,6); 2000(fasc.n.9,10,11) LEADER 00776nam0-2200289---450- 001 990000286790403321 005 20091209154405.0 035 $a000028679 035 $aFED01000028679 035 $a(Aleph)000028679FED01 035 $a000028679 100 $a20020821d1980----km-y0itay50------ba 101 0 $aeng 102 $aNL 105 $ay-------001yy 200 1 $a1979 annual report$fprepared by CONCAWE Secretariat 210 $aDen Haag$cCONCAWE$d1980 215 $a21 p.$d30 cm 225 1 $aCONCAWE report$v5-80 676 $a628 712 02$aCONCAWE$9 801 0$aIT$bUNINA$gRICA$2UNIMARC 901 $aBK 912 $a990000286790403321 952 $a04 090-156/62$bCI$fDINCH 959 $aDINCH 997 $aUNINA LEADER 02209nam 2200433 450 001 9910807771203321 005 20201125112909.0 010 $a1-62894-421-8 035 $a(CKB)4100000011371292 035 $a(MiAaPQ)EBC6271191 035 $a(EXLCZ)994100000011371292 100 $a20201125d2020 uy 0 101 0 $aeng 135 $aurcnu|||||||| 181 $ctxt$2rdacontent 182 $cc$2rdamedia 183 $acr$2rdacarrier 200 10$aBurma's path to democracy $ethe military, aung san suu kyi and the rohingya /$fTinTin Delphin 210 1$aNew York, United States of America :$cAlgora Publishing,$d2020. 215 $a1 online resource (256 pages) $cillustrations 311 $a1-62894-419-6 311 $a1-62894-420-X 320 $aIncludes bibliographical references. 327 $aRoyal kingdom to British colony to independence -- Military coup -- General Ne Win era 1962-88 -- Burmese way to socialism -- The Than Shwe era 1992-2011 -- Pro-democratic leaders -- The transition -- 2015 democratic government -- Frontier opportunities and threats -- Face of the stateless -- The exodus -- The civil war -- Burmese way to democracy. 330 $a"Burma is a country in transition: from monarchy to British colony, from independence to military dictatorships, and from the Generals to the Lady, Aung San Suu Kyi. This book traces one of the longest civil wars in history. It's about the Rohingya, one of the most persecuted people on earth. It's about pro-democracy uprisings, about sacrifice, and above all, the human resilience and capacity for hope. The book is based on true events and provides unique firsthand insights into key players in this enigmatic and troubled nation"--$cProvided by publisher. 606 $aRohingya (Burmese people) 607 $aBurma$xHistory$y1962-1988 607 $aBurma$xHistory$y1988- 608 $aPersonal narratives.$2lcgft 615 0$aRohingya (Burmese people) 676 $a959.105 700 $aDelphin$b TinTin$f1948-$01685416 801 0$bMiAaPQ 801 1$bMiAaPQ 801 2$bMiAaPQ 906 $aBOOK 912 $a9910807771203321 996 $aBurma's path to democracy$94057537 997 $aUNINA